=LDR 00000nam 2200000 4500 =001 INLIS000000000000797 =005 20220911061119 =035 ##$$a 0010-1221000020 =245 1#$$a Rancang Bangun Vibrator Gipsum untuk Pembuatan Model Kerja Gigi : $b Tugas Akhir /$c Eka Juniastri =100 #$$a EKA Juniastri =250 ##$$a 2020 =300 ##$$a xii, 26 halaman : $b Tabel, gambar ; $c 20,5x29 cm =856 ##$$a OPAC (Rak TA OSP 2020) =260 ##$$a Makassar :$b Politeknik ATI Makassar - Otomasi Sistem Permesinan,$c 2020 =082 ##$$a (R)2020 TA-OSP 818 =084 ##$$a (R)2020 TA-OSP 818 EKA r =600 #4$$a Tugas Akhir OSP 2020 =500 ##$$a Tugas Akhir OSP 2020 =008 220911################|##########|#|## =990 ##$$a 246/TA OSP 2020